Statistics for Every City in the Moses Lake-Othello CSA

Click here to take the quiz!

General Stats

  • This quiz has been taken 5 times
  • The average score is 8 of 19

Answer Stats

#CountyPopulationAnswer% Correct
1Grant25,835Moses Lake
100%
2Adams9,015Othello
100%
4Grant8,453Ephrata
67%
13Grant563Coulee City
33%
11Grant952Electric City
33%
12Grant868George
33%
10Grant956Grand Coulee
33%
17Grant183Hartline
33%
18Adams76Hatton
33%
19Grant47Krupp
33%
14Adams515Lind
33%
5Grant4,252Mattawa
33%
3Grant8,790Quincy
33%
9Adams1,680Ritzville
33%
7Grant1,848Royal City
33%
8Grant1,710Soap Lake
33%
6Grant2,622Warden
33%
16Adams198Washtucna
33%
15Grant205Wilson Creek
33%

Score Distribution

Percentile by Number Answered

Percent of People with Each Score

Your Score History

You have not taken this quiz